Science Quiz

Random Science or Computer Quiz

F1 to F12: Fill in the Blank Quiz Stats

 Plays Quiz Updated Jul 20, 2018

Challenge
Share
Tweet
Score 0/12 Timer 04:00
1 Play Today
% Correct
closes
85%
Help
65.4%
Save­ As dialog
60.3%
boot
52.3%
search
49.3%
refresh or reload
49.3%
address
44.6%
sends and receives
43.5%
fullscreen
43%
menu bar
41.6%
rename
28.5%
check spelling & grammar
23.1%

You're not logged in!

Compare scores with friends on all Sporcle quizzes.
OR
Log In

You Might Also Like...

Show Comments

Extras

Top Quizzes Today


Score Distribution

Your Account Isn't Verified!

In order to create a playlist on Sporcle, you need to verify the email address you used during registration. Go to your Sporcle Settings to finish the process.

Report this User

Report this user for behavior that violates our Community Guidelines.

Details: